000 01315cas a2200313 i 4500
003 DO-SdUA
005 20250717161907.0
007 ta
008 230425e1969 dr f p|r| || | spa d
022 _a0557-7659
035 _a(DO-SdUA)46478
040 _aDO-SdUA
_bspa
_cDO-SdUA
_dDO-SdBNP
_erda
041 0 _aspa
245 0 0 _aRevista dominicana de dermatología /
_cInstituto Dermatológico.
264 _aSanto Domingo, República Dominicana :
_bInstituto Dermatológico.
_bAsociación Dominicana de Dermatología, Venereología y Leprología,
_c1969.
300 _avolumen :
_bilustraciones, fotografías, gráficas, tablas ;
_c28 cm.
310 _aSemestral.
336 _atexto
_btxt
_2rdacontent
337 _asin mediación
_bn
_2rdamedia
338 _avolumen
_bnc
_2rdacarrier
362 _aVolumen 3, Número 2, julio 1969.
500 _aÓrgano oficial del Instituto Dermatológico y la Asociación Dominicana de Dermatología, Venereología y Leprología.
521 _aAnalítica sobre Lepra.
650 7 _aDermatología
_vPublicaciones seriadas
_2lemb
_987499
655 0 _aPublicaciones periódicas
_987420
710 2 _aInstituto Dermatológico
_987500
710 2 _aRepública Dominicana.
_987501
_bAsociación Dominicana de Dermatología, Venereología y Leprología.
942 _2ddc
_cISSUE
999 _c58756
_d58756